000 00486nam a2200181 i 4500
001 23846
003 ES-MaACL
005 20240522063032.0
007 t|
008 021212s1882 it ||||1| ita d
100 0 _aDe Amicis, Edmondo,
_d1846-1908
_943032
245 1 0 _aRicordi del 1870-71 /
_cdi Edmondo De Amicis.
250 _a6. ed.
260 _aFirenze :
_b[s.n.,
_c1882]
300 _a232 p. ;
_c19 cm.
852 _aES-MaACL
_jF-9317
999 _c23846
_d23846